000 00580nam a2200169 4500
999 _c16315
_d16315
008 211117b ||||| |||| 00| 0 eng d
022 _a0732-8435
082 _aDPer 657.05 C33 Apr - Sept 2016, v86 n4-9
100 _aAckerman, Jason.
_943695
245 _aRecruiting and retaining talent:
_bone firm's story/
_cJason Ackerman.
260 _aNew York:
_bThe New York State Society of CPA,
_c©2016.
300 _av86 n8, page 14;
_c28 cm.
500 _aThe CPA Journal
650 _aRecruiting of employees.
_917090
650 _aPersonnel management.
_943696
942 _2ddc
_cPER